000 00580nam a2200181Ia 4500
003 IN-BaIIA
008 211028s9999 xx 000 0 eng d
040 _cIIA Library
080 _a084.4:524.383
_bBEC
100 _aBecvar, A
_92313
245 0 _aAtlas coeli skalnate pleso ii, katalog 1950.0
_cA. Becvar
260 _aPraha
_bPrirodovedecke Vydavatelstvi
_c1951
300 _axiii, 286p.
650 _aAstronomy and astrophysics thesaurus
650 _aAtlas - stars
_91192
650 _aBinary stars atlas
_92314
942 _cBK
999 _c1087
_d1087